LEADER 01332nam a2200313 a 4500 001 000000135699 003 CaOOAMICUS 005 20131009114056.0 008 131009s2013 fr u000 u fre r 020 $a978-2-246-79509-4 040 $aPUL$bita 082 04$a270.092 100 1 $aNobécourt, Lorette.$0(OLS)http://pul/name/87378 245 13$aLa clôture des meraveilles :$bune vie d'Hildegarde de Bingen /$cLorette Nobécourt. 260 $aParis :$bGrasset,$c©2013. 300 $a148 p. ;$c21 cm 504 $aInclude riferimenti bibliografici. 600 04$aHildegardis,$cs.,$d1098-1179.$0(OLS)http://pul/subject/26498 650 4$aMonachismo e ordini religiosi$yEvo medio.$0(OLS)http://pul/subject/12142 850 $aPUL 852 $aPUL$W1$xSL Religione 3$y85$m270. 092 NOBLO 1$j156493$qDDC 21$B155839$CPULBib$Z2$F155839 $H122912 $82 941 1 $a9 960 $aHildegard von Bingen,$cs.,$d1098-1179$926498 960 $aIldegarda,$cs.,$d1098-1179$926498 996 $6020$a978-2-246-79509-4$9(OLS)http://pul/number/153676 996 $6082$a270.092$9(OLS)http://pul/classification/509 996 $6245$aLa clôture des meraveilles :$bune vie d'Hildegarde de Bingen$9(OLS)http://pul/title/171563 996 $6260$aParis :$bGrasset$9(OLS)http://pul/publisher/51986 LEADER 01284nam a2200301 a 4500 001 000000137288 003 CaOOAMICUS 005 20140212111529.0 008 140212s1999 it u000 u ita r 020 $a88-7284-740-0 040 $aPUL$bita 245 00$aGiornali:$bl'informazione dov'è? /$ca cura di Dario Antiseri e Giovanni Santambrogio. 260 $aSoveria Mannelli :$bRubbettino,$c©1999. 300 $a202 p. ;$c21 cm 490 1 $aLa politica. Metodi, storie, teorie ;$v16 650 4$aInformazione.$0(OLS)http://pul/subject/20761 650 4$aGiornalismo$zItalia.$0(OLS)http://pul/subject/23889 700 1 $aAntiseri, Dario,$d1940-$0(OLS)http://pul/name/1978 700 1 $aSantambrogio, Giovanni.$0(OLS)http://pul/name/53598 830 3$aLa politica.$pMetodi, storie, teorie ;$v16.$0(OLS)http://pul/title/75083 850 $aPUL 852 $aPUL$W1$xDP1 Fondo E. Rossi$y115$m6 A 4$j42538$qFondi$B157798$CPULBib$Z2$F157798 $82 941 1 $a1 961 $aSul dorso collocazione ms. di E. Rossi: Com G A 2 1 996 $6020$a88-7284-740-0$9(OLS)http://pul/number/154437 996 $6245$aGiornali:$bl'informazione dov'è?$9(OLS)http://pul/title/173790 996 $6260$aSoveria Mannelli :$bRubbettino$9(OLS)http://pul/publisher/51639